[Event "HUN-chT U18"]
[Site "Miskolc"]
[Date "2011.11.04"]
[Round "5.2"]
[White "Smideliusz, Mark"]
[Black "Papp, Tamas1111"]
[Result "0-1"]
[WhiteElo "2030"]
[BlackElo "1915"]
[PlyCount "102"]
[EventDate "2011.11.02"]
[EventType "team-swiss"]
[EventRounds "8"]
[EventCountry "HUN"]
[SourceTitle "EXT 2012"]
[Source "ChessBase"]
[SourceDate "2011.11.24"]
[SourceVersion "1"]
[SourceVersionDate "2011.11.24"]
[SourceQuality "1"]
[WhiteTeam "Sarvar"]
[BlackTeam "Miskolc"]
[WhiteTeamCountry "HUN"]
[BlackTeamCountry "HUN"]

1. e4 e6 2. d4 d5 3. Nd2 Nc6 4. Ngf3 Nf6 5. e5 Nd7 6. c3 f6 7. Bb5 a6 8. Bxc6 bxc6 9. 0-0 c5 10. Re1 fxe5 11. Nxe5 Nxe5 12. Rxe5 cxd4 13. cxd4 Bd6 14. Re1 0-0 15. Nf3 Qf6 16. Bd2 Bb7 17. Rc1 Rae8 18. Qb3 Ba8 19. Qd3 Bb7 20. a3 Qf5 21. Qe2 Qh5 22. Bb4 Rf7 23. Bxd6 cxd6 24. Rc2 Rfe7 25. Qd2 e5 26. Qb4 Qg6 27. Rce2 e4 28. Nd2 Bc6 29. Rc1 Bb5 30. Re3 Bd3 31. Rc6 Rd7 32. Qb3 Qf7 33. Qd1 Qf6 34. Rc3 Rf8 35. Qe1 Qxd4 36. Nf3 Qf6 37. Rexd3 exd3 38. Qd2 Rb7 39. h3 Qg6 40. Kh2 Qf5 41. Kg1 Qe4 42. Rxd3 Rxb2 43. Qc3 Rb1+ 44. Kh2 Qf4+ 45. g3 Qe4 46. Re3 Qc4 47. Rd3 Rc1 48. Qd2 Rc2 49. Qe3 Rxf2+ 50. Kg1 R2xf3 51. Qe6+ R3f7 0-1